Statistics for AFC VS NFC Pro Bowlers

Click here to take the quiz!

General Stats

  • This quiz has been taken 18 times
    (7 since last reset)
  • The average score is 27 of 50

Answer Stats

HintAnswer% Correct
QBGeno Smith
100%
TEGeorge Kittle
100%
QBJalen Hurts
100%
CJason Kelce
100%
QBPatrick Mahomes
100%
MLBRoquan Smith
100%
TETravis Kelce
100%
OLBZa'Darius Smith
100%
WRA.J. Brown
86%
DTJonathan Allen
86%
QBJosh Allen
86%
CCreed Humphrey
71%
CBDarius Slay
71%
TEMark Andrews
71%
FSQuandre Diggs
71%
RBSaquan Barkley
71%
WRSteffon Diggs
71%
CBTrevon Diggs
71%
WRTyreek Hill
71%
DTChris Jones
57%
MLBFred Warner
57%
RBJosh Jacobs
57%
WRJustin Jefferson
57%
RTLane Johnson
57%
RBMiles Sanders
57%
DTQuinnen Williams
57%
LTTrent Williams
57%
DTAaron Donald
43%
DEMyles Garrett
43%
DENick Bosa
43%
RBNick Chubb
43%
CBSauce Gardner
43%
TET.J. Hockenson
43%
RGZach Martin
43%
DEBrian Burns
29%
SSBudda Baker
29%
OLBKhalil Mack
29%
LTLeramy Tunsil
29%
OLBMicah Parsons
29%
FSMinkah Fitzpatrick
29%
CBPat Surtain II
29%
MLBDemario Davis
14%
SSDerwin James jr.
14%
LGJoel Bitonio
14%
MLBMatt Milano
14%
DEMaxx Crosby
14%
RGQuenton Nelson
14%
RTTerron Armstead
14%
LGLandon Dickerson
0%
OLBMathew Judon
0%

Score Distribution

Percentile by Number Answered

Percent of People with Each Score

Your Score History

You have not taken this quiz since the last reset